Statystyki dla Miejscowości powiatu cieszyńskiego

Kliknij tutaj aby rozwiązać quiz!

Ogólne statystyki

  • Ten quiz został rozwiązany 102 razy
  • Średni wynik to 35 z 57

Statystyki odpowiedzi

GminaMiejscowość% Poprawnych
miastoSkoczów
100%
miastoCieszyn
98%
miastoUstroń
98%
miastoWisła
94%
GoleszówGoleszów
92%
ChybieChybie
88%
IstebnaIstebna
88%
miastoStrumień
88%
ZebrzydowiceZebrzydowice
88%
DębowiecDębowiec
87%
HażlachHażlach
87%
BrennaBrenna
85%
BrennaGórki Małe
75%
BrennaGórki Wielkie
75%
ZebrzydowiceKończyce Małe
71%
HażlachKończyce Wielkie
71%
IstebnaKoniaków
71%
IstebnaJaworzynka
65%
DębowiecGumna
63%
SkoczówOchaby
62%
SkoczówHarbutowice
60%
SkoczówPogórze
60%
GoleszówDzięgielów
58%
ZebrzydowiceKaczyce
58%
SkoczówMiędzyświeć
58%
SkoczówPierściec
58%
HażlachPogwizdów
58%
StrumieńPruchna
56%
SkoczówWilamowice
56%
HażlachZamarski
56%
StrumieńBąków
54%
SkoczówBładnice
54%
GoleszówCisownica
54%
StrumieńDrogomyśl
54%
DębowiecIskrzyczyn
54%
SkoczówKiczyce
54%
ChybieMnich
52%
GoleszówBażanowice
50%
GoleszówKisielów
50%
ZebrzydowiceMarklowice Górne
50%
DębowiecOgrodzona
50%
GoleszówPuńców
50%
DębowiecSimoradz
50%
SkoczówWiślica
48%
StrumieńZabłocie
48%
ChybieZaborze
48%
DębowiecKostkowice
46%
StrumieńZbytków
46%
GoleszówGodziszów
44%
DębowiecŁączka
44%
GoleszówLeszna Górna
44%
SkoczówKowale
42%
GoleszówKozakowice
42%
HażlachRudnik
38%
HażlachBrzezówka
35%
ChybieFrelichów
35%
ChybieZarzecze
35%

Rozkład punktacji

Percentyl według liczby udzielonych odpowiedzi

Procent ludzi z każdym wynikiem

Twoja historia wyników

Nie rozwiązałeś tego quizu